• 首页
  • 本馆介绍
  • 公告通知
  • 最新文献
  • 馆藏检索
  • 电子资源
  • 读者导购
  • 参考咨询
  • 我的图书馆
  • 登录
  • 详细信息显示
  • 放入我的书架
  • 预约/预借图书
  • 作者相关作品
  • 分类相关作品
  • 丛书相关作品
  • 出版社相关作品

书目信息

  • 表格格式
  • 工作单格式
  • 卡片格式
题名:
鲁迅与中国传统美术
    
 
作者: 张素丽 著
分册:  
出版信息: 北京   中央编译出版社  2019.01
页数: 260页
开本: 24cm
丛书名:
单 册:
中图分类: I210 , J528
科图分类:
主题词: 鲁迅研究--lu xun yan jiu , 民间美术--min jian mei shu--研究--中国
电子资源:
ISBN: 978-7-5117-3631-4
000 01279nam0 2200289 450
001 CAL 0120182658428
005 20230217093112.0
010    @a978-7-5117-3631-4@dCNY68.00
100    @a20190102d2019 em y0chiy0120 ea
101 0  @achi
102    @aCN@b110000
105    @ak a 000yy
106    @ar
200 1  @a鲁迅与中国传统美术@Alu xun yu zhong guo chuan tong mei shu@f张素丽著
210    @a北京@c中央编译出版社@d2019.01
215    @a260页@d24cm
306    @a本书由人文在线出版基金资助出版
314    @a张素丽,首都师范大学文学博士毕业, 防灾科技学院文化与传播学院副教授。
320    @a有书目 (第241-257页)
330    @a本书聚焦于鲁迅创作与中国传统美术的历史关联、鲁迅与中国传统美术的思想“对话”, 旨在打通“文学”与“美术”的学科壁垒, 深入鲁迅文学文本的艺术世界, 体察文学想象的视觉逻辑, 追索词句遗留在图画线条、色彩里的生命和芳香。作者从“思想对话”与“形式研究”两个维度着眼, 考察鲁迅与汉画像、文人画、民间画、魏碑等的内部影响关联。采用“文学与美术”的跨学科研究方法, 挖掘了艺术思维对鲁迅文学创作的潜移默化的影响。
606 0  @a鲁迅研究@Alu xun yan jiu
606 0  @a民间美术@Amin jian mei shu@x研究@y中国
690    @aI210@v5
690    @aJ528@v5
701  0 @a张素丽@Azhang su li@4著
801  0 @aCN@bBJXHZP@c20230222
905    @b1378289-92@dI210@e461@f4
    
    鲁迅与中国传统美术/张素丽著.-北京:中央编译出版社,2019.01
    260页;24cm
    
    
    ISBN 978-7-5117-3631-4:CNY68.00
    本书聚焦于鲁迅创作与中国传统美术的历史关联、鲁迅与中国传统美术的思想“对话”, 旨在打通“文学”与“美术”的学科壁垒, 深入鲁迅文学文本的艺术世界, 体察文学想象的视觉逻辑, 追索词句遗留在图画线条、色彩里的生命和芳香。作者从“思想对话”与“形式研究”两个维度着眼, 考察鲁迅与汉画像、文人画、民间画、魏碑等的内部影响关联。采用“文学与美术”的跨学科研究方法, 挖掘了艺术思维对鲁迅文学创作的潜移默化的影响。
●
相关链接 在E读中查询图书 在五车中查询图书 在当当中查询图书 在豆瓣中查询图书


正题名:鲁迅与中国传统美术     索取号:I210/461         预约/预借

序号 登录号 条形码 馆藏地/架位号 状态 备注
1 1378289   213782897   第一样本阅览室/ [索取号:I210/461] 在馆    
2 1378290   213782904   第二借阅区/ [索取号:I210/461] 在馆    
3 1378291   213782913   第二借阅区/ [索取号:I210/461] 在馆    
4 1378292   213782922   第二借阅区/ [索取号:I210/461] 在馆    
唐山师范学院图书馆 欢迎您!
大连网信软件有限公司© 版权所有